000 00432nam a2200121Ia 4500
008 231129s9999||||xx |||||||||||||| ||spa||
020 _a978-958-753-206-7
082 _a780.92 B321j [Escuela de música]
100 _aBassi Rafael.
245 0 _aEl juglar y el pescador: Homenaje al maestro José Benito Barros Palomino (1915-2007)
264 _aBogotá : Ministerio de Cultura.
942 _2ddc
_cBKS
999 _c11422
_d11422